| 000 | 00372nam a22001337a 4500 | ||
|---|---|---|---|
| 999 |
_c17550 _d17550 |
||
| 008 | 190321b xxu||||| |||| 00| 0 eng d | ||
| 020 | _a8181288707 | ||
| 050 |
_aQA7673 _b.G76 2007 c.1 |
||
| 100 | _aGross, Christian | ||
| 245 |
_aBeginning C# 2008 _bFrom Novice to professional _cChristian Gross |
||
| 260 |
_aUSA _bApress _c2007 |
||
| 300 | _axxi, 487p. | ||
| 942 |
_2lcc _cBK |
||